000 00481nam a2200169 4500
001 118014
003 ES-MaACL
005 20230906191020.0
007 t|
008 070214s1967 sp r ||||1| spa d
100 1 _aParaf, Pierre.
_988917
245 1 0 _aRacismo en el mundo /
_cPierre Paraf ; traducido por Jesús Castellote.
260 _aMadrid :
_bZYX,
_c1967.
300 _a244 p. ;
_c20 cm.
700 1 _aCastellote, Jesús.
_936576
852 _aES-MaACL
_jC-33795
_bR.64533
999 _c118014
_d118014